[Event "TUR-ch Youth U17 2019"]
[Site "Belek"]
[Date "2019.01.26"]
[Round "11"]
[White "Gunduz, Umut Erdem"]
[Black "Aytekin, Murat Eren"]
[Result "1-0"]
[WhiteElo "2255"]
[BlackElo "2163"]
[Annotator "NA"]
[PlyCount "49"]
[EventDate "2019.01.20"]
[EventType "swiss"]
[EventCountry "TUR"]
[SourceTitle "playchess.com"]
[Source "ChessBase"]
[SourceQuality "1"]
[TimeControl "5400+30"]

{[%evp 9,49,47,43,36,58,58,65,53,49,0,1,8,67,54,61,56,70,72,102,114,110,120,203,213,211,222,233,32767,32767,32767,217,32767,32767,504,32767,32767,476,516,158,32767,979,2083]} 1. e4 {[%emt 0:01:30]} g6 {[%emt 0:00:30]} 2. d4 {[%emt 0:00:30]} Bg7 {[%emt 0:00:30]} 3. Nc3 {[%emt 0:00:30]} d6 {[%emt 0:00:30]} 4. f4 {[%emt 0:00:00]} Nc6 {[%emt 0:00:00]} 5. Nf3 {[%emt 0:04:00]} Bg4 {[%emt 0:00:00]} 6. Be3 {[%emt 0:01:30]} Bxf3 {[%emt 0:00:00]} 7. gxf3 {[%emt 0:00:30]} ({Don't play} 7. Qxf3 Bxd4 8. Bb5 Bxc3+ 9. bxc3 a6 $11) 7... d5 {[%emt 0:00:00]} 8. Bb5 {[%emt 0:01:30] B06: Modern Defence} e6 {[%emt 0:00:30]} 9. Bxc6+ {[%emt 0:04:30] LiveBook: 3 Games} (9. f5 Nge7 10. fxe6 fxe6 11. Qe2 O-O 12. O-O-O a6 13. Bxc6 Nxc6 14. h4 Qf6 15. f4 dxe4 {1-0 (48) Neiksans,A (2596)-Azmaiparashvili,Z (2637) Liepaja 2015}) 9... bxc6 {[%emt 0:00:00]} 10. Qd2 {[%emt 0:00:30]} Ne7 $146 {[%emt 0:02:00]} ({Black should play} 10... a5 $11) ({Predecessor:} 10... Nf6 11. O-O-O O-O 12. f5 exf5 13. exf5 Ne8 14. Bg5 Qd7 15. Qd3 Nd6 {½-½ (61) Fishbein,A (2470)-Mohr,S (2425) New York 1990}) 11. O-O-O {[%emt 0:02:30]} O-O {[%emt 0:00:30]} 12. h4 {[%emt 0:00:30]} h5 $1 {[%emt 0:01:30]} 13. Na4 {[%emt 0:01:30]} Qb8 {[%emt 0:01:30]} 14. Nc5 {[%emt 0:00:30]} Rd8 {[%emt 0:09:30]} 15. Rhg1 {[%emt 0:16:30]} Qb6 {[%emt 0:07:30]} (15... Kh7 $16) 16. f5 {[%emt 0:01:30]} exf5 {[%emt 0:27:30] [#]} 17. e5 $1 {[%emt 0:16:30]} Kh7 {[%emt 0:15:30]} 18. Bg5 {[%emt 0:09:30]} Re8 {[%emt 0:02:30]} 19. e6 {[%emt 0:00:30]} f6 {[%emt 0:02:30]} 20. Nd7 {[%emt 0:01:30]} Qa6 {[%emt 0:04:30]} 21. Nxf6+ {[%emt 0:02:30]} Bxf6 {[%emt 0:02:30]} 22. Bxf6 {[%emt 0:00:30]} Qxa2 {[%emt 0:01:30]} 23. Qg5 {[%emt 0:09:30]} Qa1+ $16 {[%emt 0:01:44]} (23... Rab8 $18 24. b3 (24. Bxe7 Qxb2+ 25. Kd2 Qxd4+ 26. Ke2 Qg7 $11) 24... Rg8 25. Bxe7 Qa1+ 26. Kd2 Qxd4+ 27. Ke1 Qc3+ 28. Rd2 a6) 24. Kd2 {[%emt 0:00:30]} Qxb2 {[%emt 0:00:22]} 25. Rb1 {[%emt 0:00:30]} 1-0

[Event "TUR-ch Youth U17 2019"]
[Site "Belek"]
[Date "2019.01.26"]
[Round "11"]
[White "Cansun, Can Alp"]
[Black "Turkmen, Ataberk"]
[Result "1-0"]
[WhiteElo "2174"]
[BlackElo "1856"]
[Annotator "NA"]
[PlyCount "47"]
[EventDate "2019.01.20"]
[EventType "swiss"]
[EventCountry "TUR"]
[SourceTitle "playchess.com"]
[Source "ChessBase"]
[SourceQuality "1"]
[TimeControl "5400+30"]

{[%evp 8,46,40,48,32767,32767,32767,32767,91,112,32767,32767,32767,32767,32767,32767,32767,497,494,483,32767,508,719,741,703,32767,32767,32767,550,540,522,32767,572,569,549,596,562,577,536,518,464]} 1. e4 {[%emt 0:00:30]} b6 {[%emt 0:00:30]} 2. d4 {[%emt 0:01:30]} Bb7 {[%emt 0:00:30]} 3. Nc3 {[%emt 0:00:30]} e6 {[%emt 0:00:30]} 4. Bd3 {[%emt 0:01:30]} Bb4 {[%emt 0:03:30]} 5. Nge2 {[%emt 0:01:30] LiveBook: 22 Games} c5 {[%emt 0:16:30]} 6. dxc5 {[%emt 0:00:30] B00: Queen's Fianchetto Defence, Nimzowitsch Defence} bxc5 {[%emt 0:00:30]} 7. O-O {[%emt 0:04:30]} Ne7 {[%emt 0:03:30]} 8. Nb5 {[%emt 0:07:30]} (8. Be3 d6 9. a3 Bxc3 10. Nxc3 Nd7 11. Bb5 a6 12. Ba4 Qc7 13. Bf4 e5 {1-0 (56) Mrdja,M (2402)-Franic,M (2379) Sibenik 2011}) 8... d6 $146 {[%emt 0:23:30]} ({Predecessor:} 8... O-O 9. Bf4 Ba5 10. Nd6 Bc6 11. e5 Ng6 12. Bg3 h5 13. Nf4 Nxf4 14. Bxf4 {½-½ (68) Wilke,T (1753)-Froehlich Dill,A (1813) Germany 2017}) 9. Nxd6+ {[%emt 0:01:30]} Qxd6 {[%emt 0:02:30]} 10. Bb5+ {[%emt 0:00:00]} Qc6 {[%emt 0:01:30]} 11. Bxc6+ {[%emt 0:00:00]} Nbxc6 {[%emt 0:00:00]} 12. c3 {[%emt 0:02:30]} Ba5 {[%emt 0:00:00]} 13. Be3 {[%emt 0:00:30]} Bb6 {[%emt 0:00:30]} 14. b4 {[%emt 0:02:30]} c4 {[%emt 0:02:30]} 15. Bxb6 {[%emt 0:00:30]} axb6 {[%emt 0:00:30]} 16. Nd4 {[%emt 0:02:30]} O-O {[%emt 0:00:30]} 17. Nxc6 {[%emt 0:00:30]} Bxc6 {[%emt 0:01:30]} 18. Qd6 {[%emt 0:01:30]} Rfe8 {[%emt 0:00:00]} 19. a4 {[%emt 0:00:30]} Bxe4 {[%emt 0:01:00]} 20. Qxb6 {[%emt 0:00:30]} Nd5 {[%emt 0:00:30]} 21. Qd4 {[%emt 0:01:30]} Bd3 {[%emt 0:00:30]} 22. Rfd1 {[%emt 0:16:30]} Rad8 {[%emt 0:00:30]} 23. Rxd3 {[%emt 0:01:30]} cxd3 $18 {[%emt 0:00:00]} 24. Rd1 {[%emt 0:01:30]} 1-0

[Event "TUR-ch Youth U17 2019"]
[Site "Belek"]
[Date "2019.01.26"]
[Round "11"]
[White "Sen, Irem"]
[Black "Kocyigit, Buse Naz"]
[Result "0-1"]
[WhiteElo "1765"]
[BlackElo "2043"]
[Annotator "NA"]
[PlyCount "50"]
[EventDate "2019.01.20"]
[EventType "swiss"]
[EventCountry "TUR"]
[SourceTitle "playchess.com"]
[Source "ChessBase"]
[SourceQuality "1"]
[TimeControl "5400+30"]

1. d4 {[%emt 0:00:30]} c5 {[%emt 0:00:30]} 2. Nf3 {[%emt 0:00:30]} cxd4 {[%emt 0:02:30]} 3. Nxd4 {[%emt 0:00:00]} d5 {[%emt 0:00:30]} 4. g3 {[%emt 0:03:00]} e5 {[%emt 0:08:30]} 5. Nb3 {[%emt 0:00:30] A43: Schmid Benoni} Nc6 {[%emt 0:00:30]} 6. Bg2 {[%emt 0:00:30]} Be6 {[%emt 0:01:30]} 7. c3 {[%emt 0:07:30]} (7. O-O Bb4 8. c3 Be7 9. Be3 Nf6 10. Nc5 Bc8 11. Qa4 O-O 12. Rd1 Qc7 13. b4 Bg4 14. f3 Bf5 15. Na3 {½-½ (45) Plat,V (2520)-Gordievsky,D (2562) Yerevan 2017}) 7... Rc8 {[%emt 0:14:30]} 8. O-O {[%emt 0:02:30]} h5 {[%emt 0:01:30]} 9. Qd3 $146 {[%emt 0:19:30]} ({Predecessor:} 9. h4 Nh6 10. e4 dxe4 11. Qxd8+ Rxd8 12. Bxe4 Ng4 13. f3 Nf6 14. Bxc6+ bxc6 15. Be3 {½-½ (37) Car,T (2310)-Sinanovic,M (2400) Pula 1998}) 9... h4 {[%emt 0:05:30]} 10. Rd1 {[%emt 0:06:30]} hxg3 {[%emt 0:03:30]} 11. hxg3 {[%emt 0:08:30]} Qf6 {[%emt 0:28:30]} 12. a4 {[%emt 0:09:30]} a6 {[%emt 0:04:30]} 13. Na3 {[%emt 0:07:30]} g5 {[%emt 0:03:30]} 14. f3 {[%emt 0:25:21]} Bh3 {[%emt 0:08:13]} ({Less strong is} 14... Qh6 15. Kf2 $17) 15. Qe3 {[%emt 0:01:42]} Bxg2 {[%emt 0:02:07]} 16. Kxg2 {[%emt 0:00:30]} Qh6 {[%emt 0:00:00]} 17. Qg1 {[%emt 0:00:39]} Qh3+ {[%emt 0:00:10]} 18. Kf2 {[%emt 0:00:00]} g4 {[%emt 0:06:40]} 19. Rxd5 {[%emt 0:00:30]} gxf3 {[%emt 0:01:01]} 20. exf3 {[%emt 0:00:12]} Qe6 {[%emt 0:00:29]} 21. c4 {[%emt 0:01:11]} Nf6 {[%emt 0:01:37]} 22. Rd1 $19 {[%emt 0:00:38]} Qf5 {[%emt 0:03:56]} 23. Bd2 {[%emt 0:03:03]} Ng4+ {[%emt 0:00:27]} 24. Kg2 {[%emt 0:00:53]} Rh2+ {[%emt 0:00:41]} 25. Qxh2 {[%emt 0:00:00]} Qxf3+ {[%emt 0:00:00]} 0-1

[Event "TUR-ch Youth U17 2019"]
[Site "Belek"]
[Date "2019.01.26"]
[Round "11"]
[White "Baspinar, Lara"]
[Black "Aslan, Lina"]
[Result "1-0"]
[WhiteElo "1763"]
[BlackElo "1498"]
[Annotator "NA"]
[PlyCount "89"]
[EventDate "2019.01.20"]
[EventType "swiss"]
[EventCountry "TUR"]
[SourceTitle "playchess.com"]
[Source "ChessBase"]
[SourceQuality "1"]
[TimeControl "5400+30"]

1. e4 {[%emt 0:00:30]} c5 {[%emt 0:00:30]} 2. Nf3 {[%emt 0:00:30]} a6 {[%emt 0:00:00]} 3. d4 {[%emt 0:00:00]} cxd4 {[%emt 0:00:00]} 4. Nxd4 {[%emt 0:00:00]} Nf6 {[%emt 0:00:00]} 5. Bd3 {[%emt 0:06:30]} e5 {[%emt 0:02:00]} 6. Nb3 {[%emt 0:02:30]} Nc6 {[%emt 0:02:30]} 7. O-O {[%emt 0:05:30]} d6 {[%emt 0:18:30]} 8. c4 {[%emt 0:09:30]} Bg4 {[%emt 0:08:30]} 9. f3 {[%emt 0:13:30]} Qb6+ {[%emt 0:08:30]} 10. Kh1 {[%emt 0:06:30]} Be6 {[%emt 0:00:30]} 11. Nc3 {[%emt 0:01:30]} Nd7 {[%emt 0:12:30]} 12. Nd5 {[%emt 0:02:30]} Bxd5 {[%emt 0:01:30]} 13. cxd5 {[%emt 0:00:30]} Na5 {[%emt 0:01:30]} 14. Nxa5 {[%emt 0:05:30]} Qxa5 {[%emt 0:00:00]} 15. Bd2 {[%emt 0:00:30]} Qb6 {[%emt 0:03:00]} 16. b4 {[%emt 0:03:30]} Be7 {[%emt 0:03:30]} 17. Qe2 {[%emt 0:00:30]} Rc8 {[%emt 0:00:30]} 18. Be3 {[%emt 0:04:30]} Qd8 {[%emt 0:04:30]} 19. Rfc1 {[%emt 0:01:30]} O-O {[%emt 0:00:30]} 20. Rxc8 {[%emt 0:02:30]} Qxc8 {[%emt 0:00:30]} 21. Rc1 {[%emt 0:00:30]} Qd8 {[%emt 0:00:30]} 22. Qd2 {[%emt 0:00:30]} Nb6 {[%emt 0:00:30]} 23. b5 {[%emt 0:00:30]} axb5 {[%emt 0:00:30]} 24. Bxb5 {[%emt 0:00:30]} Na8 {[%emt 0:00:30]} 25. a4 {[%emt 0:15:41]} f5 {[%emt 0:16:35]} 26. exf5 {[%emt 0:03:30]} Rxf5 {[%emt 0:01:03]} 27. Bd3 {[%emt 0:00:04]} Rf8 {[%emt 0:00:38]} 28. Qc2 {[%emt 0:02:21]} h6 {[%emt 0:01:31]} 29. Bf5 {[%emt 0:00:44]} Bg5 {[%emt 0:03:00]} 30. Be6+ {[%emt 0:03:12]} Kh8 {[%emt 0:00:02]} 31. Qd2 {[%emt 0:00:00]} Bxe3 {[%emt 0:02:25]} 32. Qxe3 {[%emt 0:00:00]} Qa5 {[%emt 0:00:00]} 33. Qa3 {[%emt 0:02:55]} Rd8 {[%emt 0:00:52]} 34. Qb3 {[%emt 0:01:45]} Nb6 {[%emt 0:05:02]} 35. h3 {[%emt 0:01:35]} Ra8 {[%emt 0:03:58]} 36. Rc7 {[%emt 0:02:26]} Qe1+ {[%emt 0:01:37]} 37. Kh2 {[%emt 0:00:05]} Qf2 {[%emt 0:00:12]} 38. Rxb7 {[%emt 0:01:07]} Nxa4 {[%emt 0:01:00]} 39. Rb8+ {[%emt 0:00:23]} Rxb8 {[%emt 0:00:00]} 40. Qxb8+ {[%emt 0:00:31]} Kh7 {[%emt 0:00:00]} 41. Bf5+ {[%emt 0:00:20]} g6 {[%emt 0:00:03]} 42. Qc7+ {[%emt 0:00:00]} Kg8 {[%emt 0:00:00]} 43. Be6+ {[%emt 0:00:11]} Kh8 {[%emt 0:00:00]} 44. Qd8+ {[%emt 0:00:04]} Kh7 {[%emt 0:00:00]} 45. Qg8# {[%emt 0:00:02]} 1-0

[Event "TUR-ch Youth U17 2019"]
[Site "Belek"]
[Date "2019.01.26"]
[Round "11"]
[White "Akti, Ezgi"]
[Black "Catal, Uktenur"]
[Result "1-0"]
[WhiteElo "1713"]
[BlackElo "1854"]
[Annotator "NA"]
[PlyCount "109"]
[EventDate "2019.01.20"]
[EventType "swiss"]
[EventCountry "TUR"]
[SourceTitle "playchess.com"]
[Source "ChessBase"]
[SourceQuality "1"]
[TimeControl "5400+30"]

1. e4 {[%emt 0:00:30]} e6 {[%emt 0:00:30]} 2. d4 {[%emt 0:00:30]} d5 {[%emt 0:00:00]} 3. Bd3 {[%emt 0:00:00]} c5 {[%emt 0:01:00]} 4. exd5 {[%emt 0:01:00]} exd5 {[%emt 0:00:00]} 5. dxc5 {[%emt 0:00:30]} Bxc5 {[%emt 0:00:00]} 6. Nf3 {[%emt 0:02:30]} Nf6 {[%emt 0:00:30]} 7. O-O {[%emt 0:02:30]} O-O {[%emt 0:00:00]} 8. Nc3 {[%emt 0:02:30] LiveBook: 51 Games} Be6 {[%emt 0:09:00] C01: French: Exchange Variation} (8... Nc6 9. Bg5 Be6 10. Qd2 Re8 11. Rfe1 h6 12. Bh4 d4 13. Bxf6 Qxf6 14. Ne4 Qe7 15. a3 Bb6 16. Re2 a5 17. Ng3 a4 {½-½ (70) Bauer,C (2644)-Ernst,S (2541) Maastricht 2018}) 9. Bf4 {[%emt 0:06:30]} Nc6 {[%emt 0:00:30]} 10. h3 {[%emt 0:07:30]} Rc8 $146 {[%emt 0:08:30]} ({Predecessor:} 10... Re8 11. a3 Qd7 12. Re1 Rad8 13. Qd2 a6 14. Rad1 Ne7 15. Ne5 Qc8 {½-½ (23) Acs,P (1746)-Toth,A (1754) Budapest 2015}) 11. Bg5 {[%emt 0:38:30]} h6 {[%emt 0:13:30]} 12. Bh4 {[%emt 0:02:30]} Be7 {[%emt 0:01:30]} 13. Ne2 {[%emt 0:03:30]} g5 {[%emt 0:09:30]} 14. Bg3 {[%emt 0:00:30]} Ne4 {[%emt 0:06:30]} 15. c3 {[%emt 0:07:30]} Bc5 {[%emt 0:07:30]} 16. Bc2 {[%emt 0:11:21]} f5 {[%emt 0:01:30]} 17. b4 {[%emt 0:04:31]} Bb6 {[%emt 0:00:30]} 18. b5 {[%emt 0:01:24]} Na5 {[%emt 0:00:30]} 19. Be5 {[%emt 0:00:19]} Nc4 {[%emt 0:02:30]} 20. Bd4 {[%emt 0:00:44]} Bf7 {[%emt 0:03:30]} 21. Bxb6 {[%emt 0:03:02]} Nxb6 {[%emt 0:07:30]} 22. Nfd4 {[%emt 0:01:20]} Qf6 {[%emt 0:05:30]} 23. Qd3 {[%emt 0:00:31]} Nc4 {[%emt 0:01:45]} 24. Ng3 {[%emt 0:01:03]} Ncd6 {[%emt 0:02:16]} 25. Nge2 {[%emt 0:00:38]} Rc7 {[%emt 0:07:16]} 26. Rac1 {[%emt 0:00:23]} Rfc8 {[%emt 0:02:14]} 27. Bb1 {[%emt 0:00:06]} Nc4 {[%emt 0:00:45]} 28. f3 {[%emt 0:01:20]} Ne5 {[%emt 0:01:10]} 29. Qc2 {[%emt 0:00:16]} Nxc3 {[%emt 0:00:32]} 30. Nxc3 {[%emt 0:01:00]} Rxc3 {[%emt 0:00:04]} 31. Qxc3 {[%emt 0:00:43]} Rxc3 {[%emt 0:00:30]} 32. Rxc3 {[%emt 0:00:30]} Nc6 {[%emt 0:00:00]} 33. Ne2 {[%emt 0:00:05]} d4 {[%emt 0:00:00]} 34. Rcc1 {[%emt 0:00:30]} Nb4 {[%emt 0:02:53]} 35. a3 {[%emt 0:00:28]} d3 {[%emt 0:01:22]} 36. axb4 {[%emt 0:00:51]} dxe2 {[%emt 0:00:30]} 37. Rfe1 {[%emt 0:00:00] [#]} Qd4+ $19 {[%emt 0:00:07]} 38. Kh1 {[%emt 0:00:00]} Bc4 {[%emt 0:00:51]} 39. Bxf5 {[%emt 0:01:04]} Kg7 {[%emt 0:00:20]} 40. Bg4 {[%emt 0:00:27]} Kf6 {[%emt 0:00:17]} 41. Rb1 {[%emt 0:00:24]} Bxb5 {[%emt 0:00:38]} 42. f4 {[%emt 0:00:33]} Qf2 {[%emt 0:01:29]} 43. fxg5+ {[%emt 0:00:24]} hxg5 {[%emt 0:00:24]} 44. Bf3 {[%emt 0:00:27]} Ke5 {[%emt 0:01:06]} 45. Bxb7 {[%emt 0:01:02]} Kd4 {[%emt 0:00:38]} 46. Bf3 {[%emt 0:00:20]} Kc3 {[%emt 0:00:54]} 47. Rg1 {[%emt 0:00:42]} Bd3 {[%emt 0:00:28]} 48. Ra1 {[%emt 0:00:14]} Kd2 {[%emt 0:01:17]} 49. Ra2+ {[%emt 0:00:14]} Bc2 {[%emt 0:00:00]} 50. Raa1 {[%emt 0:01:12]} Bd1 {[%emt 0:00:00]} 51. Raxd1+ {[%emt 0:00:42]} exd1=Q {[%emt 0:00:21]} 52. Rxd1+ {[%emt 0:00:00]} Kc3 {[%emt 0:00:13]} 53. b5 {[%emt 0:00:00]} Kc2 {[%emt 0:01:00]} 54. Ra1 {[%emt 0:00:05]} Kd2 {[%emt 0:00:59]} 55. Ra2+ {[%emt 0:00:03]} 1-0

[Event "TUR-ch Youth U17 2019"]
[Site "Belek"]
[Date "2019.01.26"]
[Round "11"]
[White "Esti, Kubra Selenay"]
[Black "Sahin, Hayrun Nisa"]
[Result "1/2-1/2"]
[WhiteElo "1662"]
[BlackElo "1743"]
[Annotator "NA"]
[PlyCount "86"]
[EventDate "2019.01.20"]
[EventType "swiss"]
[EventCountry "TUR"]
[SourceTitle "playchess.com"]
[Source "ChessBase"]
[SourceQuality "1"]
[TimeControl "5400+30"]

1. e4 {[%emt 0:00:30]} c5 {[%emt 0:00:30]} 2. Nc3 {[%emt 0:00:00]} e6 {[%emt 0:00:30]} 3. d3 {[%emt 0:04:00]} d5 {[%emt 0:02:30]} 4. g3 {[%emt 0:00:30]} Nc6 {[%emt 0:02:30]} 5. Bg2 {[%emt 0:01:30]} d4 {[%emt 0:04:30]} 6. Nce2 {[%emt 0:01:30]} b5 {[%emt 0:01:30]} 7. f4 {[%emt 0:06:30]} Ba6 {[%emt 0:04:30]} 8. Nh3 {[%emt 0:11:30]} Qb6 {[%emt 0:02:30]} 9. Nf2 {[%emt 0:04:30]} Rc8 {[%emt 0:12:30]} 10. Bd2 {[%emt 0:05:30]} c4 {[%emt 0:11:30]} 11. O-O {[%emt 0:13:30]} Nf6 {[%emt 0:04:30]} 12. h3 {[%emt 0:08:30]} Nd7 {[%emt 0:08:30]} 13. g4 {[%emt 0:14:30]} Be7 {[%emt 0:01:30]} 14. Ng3 {[%emt 0:04:49]} Nc5 {[%emt 0:04:30]} 15. Qf3 {[%emt 0:06:14]} cxd3 {[%emt 0:13:30]} 16. Nxd3 {[%emt 0:02:17]} b4 {[%emt 0:01:30]} 17. Rf2 {[%emt 0:03:04]} Bh4 {[%emt 0:04:09]} 18. Nxc5 {[%emt 0:08:02]} Qxc5 {[%emt 0:00:33]} 19. g5 {[%emt 0:01:01]} O-O {[%emt 0:04:01]} 20. a3 {[%emt 0:00:40]} bxa3 {[%emt 0:02:33]} 21. Rxa3 {[%emt 0:00:09]} Qb6 {[%emt 0:00:22]} 22. Rb3 {[%emt 0:00:25]} Qd8 {[%emt 0:00:47]} 23. Ra3 {[%emt 0:00:38]} Bb7 {[%emt 0:00:26]} 24. Qh5 {[%emt 0:01:04]} Bxg3 {[%emt 0:09:57]} 25. Rxg3 {[%emt 0:00:30]} f5 {[%emt 0:00:30]} 26. gxf6 {[%emt 0:00:30]} Qxf6 {[%emt 0:00:30]} 27. e5 {[%emt 0:00:30]} Qf7 {[%emt 0:00:30]} 28. Qg5 {[%emt 0:00:30]} Rc7 {[%emt 0:00:30]} 29. Be4 {[%emt 0:00:30]} Kh8 {[%emt 0:00:30]} 30. Qh4 {[%emt 0:00:30]} g5 {[%emt 0:00:30]} 31. Qh6 {[%emt 0:00:30]} Nxe5 {[%emt 0:00:30]} 32. Bxb7 {[%emt 0:00:30]} Rxb7 {[%emt 0:00:30]} 33. Rxg5 {[%emt 0:00:30]} Rb5 {[%emt 0:00:30]} 34. Be1 {[%emt 0:00:30]} Nf3+ {[%emt 0:00:30]} 35. Rxf3 {[%emt 0:00:30]} Rxg5+ {[%emt 0:00:30]} 36. Kh2 {[%emt 0:00:30]} Rg6 {[%emt 0:00:30]} 37. Qh4 {[%emt 0:00:30]} Qb7 {[%emt 0:00:30]} 38. Qf2 {[%emt 0:00:30]} Rfg8 {[%emt 0:00:30]} 39. Qxd4+ {[%emt 0:00:00]} Qg7 {[%emt 0:00:28]} 40. Bc3 {[%emt 0:00:25]} e5 {[%emt 0:00:30]} 41. Qxe5 {[%emt 0:00:30]} Rg2+ {[%emt 0:00:30]} 42. Kh1 {[%emt 0:00:30]} Rg1+ {[%emt 0:00:30]} 43. Kh2 {[%emt 0:00:30]} Rg2+ {[%emt 0:00:34]} 1/2-1/2

[Event "TUR-ch Youth U17 2019"]
[Site "Belek"]
[Date "2019.01.26"]
[Round "11"]
[White "Altay, Servet Hakan"]
[Black "Acar, Utku Cengiz"]
[Result "0-1"]
[WhiteElo "1361"]
[BlackElo "2078"]
[Annotator "NA"]
[PlyCount "56"]
[EventDate "2019.01.20"]
[EventType "swiss"]
[EventCountry "TUR"]
[SourceTitle "playchess.com"]
[Source "ChessBase"]
[SourceQuality "1"]
[TimeControl "5400+30"]

1. e4 {[%emt 0:00:30]} c5 {[%emt 0:00:30]} 2. Nf3 {[%emt 0:00:30]} e6 {[%emt 0:00:30]} 3. d4 {[%emt 0:00:30]} cxd4 {[%emt 0:00:30]} 4. Nxd4 {[%emt 0:00:00]} Nc6 {[%emt 0:00:00]} 5. Nc3 {[%emt 0:00:00]} Qc7 {[%emt 0:00:00]} 6. Be3 {[%emt 0:00:00]} a6 {[%emt 0:00:00]} 7. a3 {[%emt 0:00:00]} Nf6 {[%emt 0:01:00]} 8. Be2 {[%emt 0:00:00]} b5 {[%emt 0:01:30]} 9. O-O {[%emt 0:00:00]} Bb7 {[%emt 0:01:30]} 10. f4 {[%emt 0:13:30]} d6 {[%emt 0:00:30] LiveBook: 16 Games} 11. Qe1 {[%emt 0:03:30] B49: Sicilian: Taimanov: 5 Nc3 Qc7 6 Be3 a6 7 Be2} Rc8 $146 {[%emt 0:01:30]} ({Predecessor:} 11... h5 12. Kh1 Be7 13. Bf3 h4 14. Rd1 h3 15. Qg3 hxg2+ 16. Qxg2 Nxd4 17. Bxd4 e5 18. fxe5 dxe5 {0-1 (27) Narmontas,M (2411)-Pavlidis,A (2532) Tallinn 2016}) 12. Rd1 {[%emt 0:02:30]} Na5 {[%emt 0:20:30]} 13. Bd3 {[%emt 0:09:30]} Nc4 {[%emt 0:02:30]} 14. Bxc4 {[%emt 0:08:30]} Qxc4 {[%emt 0:00:30]} 15. Bc1 {[%emt 0:00:00]} Be7 {[%emt 0:18:30]} 16. Rf3 {[%emt 0:03:00]} (16. e5 $5 {[%cal Re5f6]} Nd5 17. exd6 Bxd6 18. Nxe6 Nxc3 19. bxc3 fxe6 20. Rxd6 Qc5+ 21. Rd4 $11) 16... O-O {[%emt 0:06:30]} 17. Rh3 {[%emt 0:07:30]} Rfd8 {[%emt 0:11:30]} 18. Qh4 {[%emt 0:14:30]} Kf8 {[%emt 0:00:30]} 19. e5 {[%emt 0:10:30]} Ng8 {[%emt 0:01:30]} 20. Qf2 {[%emt 0:03:30]} Nh6 {[%emt 0:03:30]} 21. Qe2 {[%emt 0:10:21]} dxe5 {[%emt 0:01:30]} 22. Rxh6 {[%emt 0:01:04]} Qxe2 {[%emt 0:04:30]} 23. Ncxe2 {[%emt 0:00:45]} exd4 {[%emt 0:02:30]} 24. Rxh7 {[%emt 0:00:32]} Kg8 {[%emt 0:00:30]} 25. Rh3 {[%emt 0:00:30]} Rxc2 {[%emt 0:00:00]} 26. Rd2 {[%emt 0:01:17]} Rdc8 $19 {[%emt 0:03:44]} 27. b4 {[%emt 0:04:38]} Be4 {[%emt 0:02:44]} 28. g4 {[%emt 0:00:59]} d3 {[%emt 0:00:44]} 0-1